Central Library OPAC University of Rajshahi

Essays, speeches & public letters / (Record no. 62946)

MARC details
000 -LEADER
fixed length control field 00672nam a2200217 a 4500
001 - CONTROL NUMBER
control field 62946
003 - CONTROL NUMBER IDENTIFIER
rucl marc code BD-RjUL
005 - DATE AND TIME OF LATEST TRANSACTION
control field 20211209081138.0
008 - FIXED-LENGTH DATA ELEMENTS--GENERAL INFORMATION
fixed length control field 170126s 1955fae 000 0 eng
035 ## - SYSTEM CONTROL NUMBER
System control number (BD-RjUL)63074
040 ## - CATALOGING SOURCE
Original cataloging agency DLC
Transcribing agency DLC
Modifying agency BD-RjUL
Language of cataloging eng
041 ## - LANGUAGE CODE
Language code of text/sound track or separate title eng
082 00 - DEWEY DECIMAL CLASSIFICATION NUMBER
Classification number 814
Edition number 23
Author mark and year FAE 1965
100 1# - MAIN ENTRY--PERSONAL NAME
Personal name Faulkner, William,
Dates associated with a name 1897-1962.
9 (RLIN) 185675
245 10 - TITLE STATEMENT
Title Essays, speeches & public letters /
Statement of responsibility, etc. William Faulkner, Edited by James B. Meriwether.
260 ## - PUBLICATION, DISTRIBUTION, ETC. (IMPRINT)
Place of publication, distribution, etc. New York :
Name of publisher, distributor, etc. Random House
Date of publication, distribution, etc. c1955-1965
300 ## - PHYSICAL DESCRIPTION
Pagination xv, 233 p. ;
Size 21 cm.
650 ## - SUBJECT ADDED ENTRY--TOPICAL TERM
Topical term or geographic name as entry element American essays in english
9 (RLIN) 188155
700 1# - ADDED ENTRY--PERSONAL NAME
Personal name Meriwether, James B.,
Relator term ed.
942 ## - ADDED ENTRY ELEMENTS (KOHA)
Source of classification or shelving scheme Dewey Decimal Classification
Koha item type Books
Holdings
Lost status Source of classification or shelving scheme Damaged status Not for loan Collection code Permanent Location Current Location Shelving location Date acquired Source of acquisition Cost, normal purchase price Total Checkouts Full call number Date last seen Copy number Koha item type
  Dewey Decimal Classification   Not For Loan Fiction Central Library, University of Rajshahi Central Library, University of Rajshahi Reading Room 08/10/1973 Dhaka paragon enterprises ltd. 54.00   814 FAE 1965 26/01/2017 C-1 Books